[Event "CECLUB Segunda División"]
[Site "Linares"]
[Date "2017.08.09"]
[Round "3"]
[White "Montoliu Cervero, Francisco"]
[Black "Castella Garcia, Fausto"]
[Result "0-1"]
[Board "1"]
[WhiteTitle "FM"]
[WhiteElo "2384"]
[WhiteCountry "ESP"]
[WhiteFideId "2214814"]
[WhiteEloChange "-12"]
[BlackTitle "FM"]
[BlackElo "2308"]
[BlackCountry "ESP"]
[BlackFideId "3501922"]
[BlackEloChange "12"]

1. e4 {[%clk 1:30:55]} c5 {[%clk 1:30:53]} 2. Nf3 {[%clk 1:31:06]} g6 {[%clk
1:30:07]} 3. c4 {[%clk 1:29:32]} Bg7 {[%clk 1:30:23]} 4. d4 {[%clk 1:29:18]} cxd4
{[%clk 1:30:41]} 5. Nxd4 {[%clk 1:29:42]} Nc6 {[%clk 1:30:39]} 6. Be3 {[%clk
1:28:00]} Nf6 {[%clk 1:30:44]} 7. Nc3 {[%clk 1:28:16]} O-O {[%clk 1:30:58]} 8. f3
{[%clk 1:27:04]} b6 {[%clk 1:28:49]} 9. Nc2 {[%clk 1:25:43]} Bb7 {[%clk 1:28:57]}
10. Qd2 {[%clk 1:24:57]} e6 {[%clk 1:19:11]} 11. Bg5 {[%clk 1:15:49]} h6 {[%clk
1:06:36]} 12. Bxh6 {[%clk 1:05:36]} Nxe4 {[%clk 1:06:44]} 13. Nxe4 {[%clk
1:05:34]} Qh4+ {[%clk 1:07:07]} 14. g3 {[%clk 1:05:25]} Qxh6 {[%clk 1:07:29]} 15.
Qxh6 {[%clk 1:05:14]} Bxh6 {[%clk 1:07:51]} 16. Nd6 {[%clk 1:05:31]} Rab8 {[%clk
0:56:09]} 17. Rd1 {[%clk 1:00:22]} Ba8 {[%clk 0:52:30]} 18. Kf2 {[%clk 0:58:56]}
Bg7 {[%clk 0:49:40]} 19. b3 {[%clk 0:58:49]} f5 {[%clk 0:48:29]} 20. Be2 {[%clk
0:49:47]} g5 {[%clk 0:46:30]} 21. h4 {[%clk 0:47:55]} g4 {[%clk 0:44:27]} 22.
Rhf1 {[%clk 0:43:07]} f4 {[%clk 0:40:17]} 23. fxg4 {[%clk 0:38:51]} f3 {[%clk
0:39:34]} 24. Bd3 {[%clk 0:39:10]} Ne5 {[%clk 0:39:53]} 25. Ne3 {[%clk 0:39:00]}
Nxd3+ {[%clk 0:25:21]} 26. Rxd3 {[%clk 0:39:28]} Kh7 {[%clk 0:24:21]} 27. Re1
{[%clk 0:38:23]} a6 {[%clk 0:19:35]} 28. Nc2 {[%clk 0:29:08]} b5 {[%clk 0:14:43]}
29. c5 {[%clk 0:28:58]} b4 {[%clk 0:15:06]} 30. Nd4 {[%clk 0:28:09]} Bd5 {[%clk
0:13:41]} 31. Red1 {[%clk 0:25:48]} a5 {[%clk 0:12:29]} 32. Nxf3 {[%clk 0:18:27]}
Bd4+ {[%clk 0:10:13]} 33. Rxd4 {[%clk 0:17:01]} Rxf3+ {[%clk 0:10:17]} 34. Kg2
{[%clk 0:16:51]} Bc6 {[%clk 0:06:38]} 35. Kh3 {[%clk 0:16:27]} a4 {[%clk
0:04:29]} 36. R1d3 {[%clk 0:11:57]} Rf1 {[%clk 0:04:22]} 37. Rd1 {[%clk 0:11:12]}
Rf3 {[%clk 0:04:50]} 38. Rb1 {[%clk 0:10:39]} Rf2 {[%clk 0:04:56]} 39. h5 {[%clk
0:09:00]} Rxa2 {[%clk 0:01:39]} 40. bxa4 {[%clk 0:09:22]} b3 {[%clk 0:01:46]} 41.
Nb5 {[%clk 0:08:40]} Rg8 {[%clk 0:01:51]} 42. Rg1 {[%clk 0:06:39]} Rc2 {[%clk
0:01:59]} 43. Rb4 {[%clk 0:06:37]} Rxc5 {[%clk 0:01:39]} 44. Rxb3 {[%clk
0:06:23]} Rc4 {[%clk 0:02:08]} 45. Nc3 {[%clk 0:05:25]} Rcxg4 {[%clk 0:02:28]}
46. Ne2 {[%clk 0:03:50]} Rxa4 {[%clk 0:02:14]} 47. g4 {[%clk 0:04:02]} Kh6 {[%clk
0:01:26]} 48. Rbg3 {[%clk 0:03:50]} Rg5 {[%clk 0:01:19]} 49. Rf1 {[%clk 0:03:57]}
Bb5 {[%clk 0:01:19]} 50. Rf6+ {[%clk 0:03:17]} Kg7 {[%clk 0:01:48]} 51. Rf2
{[%clk 0:03:42]} Ra2 {[%clk 0:01:48]} 52. Rgg2 {[%clk 0:04:00]} Bc6 {[%clk
0:01:50]} 53. Rh2 {[%clk 0:04:21]} Rc5 {[%clk 0:00:55]} 54. Nf4 {[%clk 0:04:09]}
Ra3+ {[%clk 0:01:18]} 55. Kh4 {[%clk 0:04:21]} e5 {[%clk 0:01:07]} 56. Nh3 {[%clk
0:03:40]} Rc4 {[%clk 0:00:55]} 57. Ng5 {[%clk 0:03:23]} Raa4 {[%clk 0:01:15]} 58.
Rf7+ {[%clk 0:03:40]} Kg8 {[%clk 0:01:38]} 59. h6 {[%clk 0:03:47]} Rxg4+ {[%clk
0:01:49]} 60. Kh5 {[%clk 0:04:16]} Rxg5+ {[%clk 0:01:27]} 61. Kxg5 {[%clk
0:04:45]} Kxf7 {[%clk 0:01:46]} 62. h7 {[%clk 0:05:01]} Ra8 {[%clk 0:02:15]} 63.
h8Q {[%clk 0:05:00]} Rxh8 {[%clk 0:02:43]} 64. Rxh8 {[%clk 0:05:25]} Ke6 {[%clk
0:03:06]} 65. Kg4 {[%clk 0:05:25]} Kd5 {[%clk 0:03:16]} 66. Kf3 {[%clk 0:05:42]}
Kd4+ {[%clk 0:03:36]} 67. Ke2 {[%clk 0:06:07]} e4 {[%clk 0:03:47]} 68. Rh3 {[%clk
0:05:50]} d5 {[%clk 0:03:40]} 69. Kd2 {[%clk 0:05:30]} Bd7 {[%clk 0:04:00]} 70.
Rh4 {[%clk 0:05:25]} Ke5 {[%clk 0:03:51]} 71. Rh7 {[%clk 0:02:37]} Bf5 {[%clk
0:04:09]} 72. Re7+ {[%clk 0:01:50]} Kf4 {[%clk 0:03:55]} 73. Re8 {[%clk 0:00:57]}
d4 {[%clk 0:04:14]} 74. Rd8 {[%clk 0:01:16]} e3+ {[%clk 0:04:24]} 75. Ke2 {[%clk
0:01:45]} d3+ {[%clk 0:04:41]} 76. Ke1 {[%clk 0:02:13]} Ke5 {[%clk 0:04:17]} 77.
Re8+ {[%clk 0:01:47]} Kd4 {[%clk 0:04:05]} 78. Kd1 {[%clk 0:01:31]} Bg4+ {[%clk
0:04:23]} 0-1

[Event "CECLUB Segunda División"]
[Site "Linares"]
[Date "2017.08.09"]
[Round "3"]
[White "Serarols Mabras, Bernat"]
[Black "Silva Rodriguez, Julio Jose"]
[Result "0-1"]
[Board "2"]
[WhiteTitle "FM"]
[WhiteElo "2218"]
[WhiteCountry "ESP"]
[WhiteFideId "2238276"]
[WhiteEloChange "-7"]
[BlackElo "2330"]
[BlackCountry "ESP"]
[BlackFideId "2215284"]
[BlackEloChange "7"]

1. d4 {[%clk 1:30:57]} e6 {[%clk 1:30:42]} 2. c4 {[%clk 1:31:21]} Nf6 {[%clk
1:30:39]} 3. g3 {[%clk 1:31:44]} c5 {[%clk 1:30:56]} 4. d5 {[%clk 1:32:10]} d6
{[%clk 1:31:14]} 5. Nc3 {[%clk 1:32:35]} exd5 {[%clk 1:31:30]} 6. cxd5 {[%clk
1:33:00]} g6 {[%clk 1:31:15]} 7. Bg2 {[%clk 1:33:28]} Bg7 {[%clk 1:31:35]} 8. Nf3
{[%clk 1:33:54]} O-O {[%clk 1:31:50]} 9. O-O {[%clk 1:34:18]} Re8 {[%clk
1:32:09]} 10. Bf4 {[%clk 1:34:44]} Na6 {[%clk 1:31:25]} 11. Re1 {[%clk 1:33:07]}
Bg4 {[%clk 1:27:59]} 12. h3 {[%clk 1:33:26]} Bxf3 {[%clk 1:27:48]} 13. Bxf3
{[%clk 1:33:54]} Nd7 {[%clk 1:27:39]} 14. Ne4 {[%clk 1:33:08]} Ne5 {[%clk
1:25:16]} 15. Bg2 {[%clk 1:30:14]} h6 {[%clk 1:22:58]} 16. g4 {[%clk 1:23:57]} b5
{[%clk 1:17:44]} 17. g5 {[%clk 1:20:11]} hxg5 {[%clk 1:05:42]} 18. Bxg5 {[%clk
1:20:11]} f6 {[%clk 1:05:36]} 19. Bc1 {[%clk 1:07:10]} Qd7 {[%clk 1:03:56]} 20.
Ng3 {[%clk 0:56:55]} f5 {[%clk 0:55:45]} 21. e4 {[%clk 0:41:28]} c4 {[%clk
0:52:09]} 22. exf5 {[%clk 0:35:36]} gxf5 {[%clk 0:52:33]} 23. Bg5 {[%clk
0:32:57]} Nc5 {[%clk 0:51:39]} 24. Nh5 {[%clk 0:23:18]} Ned3 {[%clk 0:42:01]} 25.
Rxe8+ {[%clk 0:21:50]} Rxe8 {[%clk 0:42:20]} 26. Qd2 {[%clk 0:18:37]} Qf7 {[%clk
0:40:29]} 27. Nxg7 {[%clk 0:16:57]} Qxg7 {[%clk 0:40:57]} 28. Rb1 {[%clk
0:16:37]} Ne4 {[%clk 0:39:37]} 29. Bxe4 {[%clk 0:17:01]} Rxe4 {[%clk 0:40:03]}
30. Kh1 {[%clk 0:15:36]} Qd4 {[%clk 0:38:49]} 31. Be3 {[%clk 0:15:48]} Qxd5
{[%clk 0:38:06]} 32. f3 {[%clk 0:15:21]} Re7 {[%clk 0:36:11]} 33. Rg1+ {[%clk
0:15:41]} Rg7 {[%clk 0:36:30]} 34. Rxg7+ {[%clk 0:16:06]} Kxg7 {[%clk 0:36:57]}
35. Qg2+ {[%clk 0:16:27]} Kf7 {[%clk 0:37:07]} 36. Bxa7 {[%clk 0:10:37]} Ne1
{[%clk 0:28:52]} 37. Qf2 {[%clk 0:09:54]} Nxf3 {[%clk 0:29:04]} 38. Kg2 {[%clk
0:10:17]} Ng5+ {[%clk 0:27:38]} 39. Kh2 {[%clk 0:10:13]} Qe5+ {[%clk 0:27:39]}
40. Qg3 {[%clk 0:07:40]} Qxb2+ {[%clk 0:27:24]} 0-1

[Event "CECLUB Segunda División"]
[Site "Linares"]
[Date "2017.08.09"]
[Round "3"]
[White "Silva Rodriguez, Fernando"]
[Black "Bas Mas, Miguel"]
[Result "0-1"]
[Board "3"]
[WhiteElo "2235"]
[WhiteCountry "ESP"]
[WhiteFideId "2215268"]
[WhiteEloChange "-10"]
[BlackElo "2236"]
[BlackCountry "ESP"]
[BlackFideId "2237954"]
[BlackEloChange "10"]

1. d4 {[%clk 1:30:56]} f5 {[%clk 1:30:30]} 2. Nc3 {[%clk 1:31:18]} d5 {[%clk
1:30:34]} 3. Bg5 {[%clk 1:31:37]} Nf6 {[%clk 1:30:45]} 4. Bxf6 {[%clk 1:31:57]}
exf6 {[%clk 1:31:10]} 5. e3 {[%clk 1:32:21]} Be6 {[%clk 1:29:38]} 6. Qf3 {[%clk
1:32:43]} Qd7 {[%clk 1:26:21]} 7. Bb5 {[%clk 1:32:59]} Nc6 {[%clk 1:23:57]} 8.
Nge2 {[%clk 1:32:38]} O-O-O {[%clk 1:23:00]} 9. Nf4 {[%clk 1:31:36]} Bf7 {[%clk
1:21:54]} 10. Nd3 {[%clk 1:27:31]} Kb8 {[%clk 1:10:10]} 11. a3 {[%clk 1:17:32]}
g5 {[%clk 1:06:35]} 12. b4 {[%clk 0:58:37]} f4 {[%clk 1:03:05]} 13. Nc5 {[%clk
0:56:06]} Qd6 {[%clk 0:50:58]} 14. O-O-O {[%clk 0:43:19]} Ne7 {[%clk 0:46:48]}
15. Bd3 {[%clk 0:37:12]} h5 {[%clk 0:44:52]} 16. g3 {[%clk 0:33:39]} h4 {[%clk
0:39:23]} 17. exf4 {[%clk 0:31:35]} gxf4 {[%clk 0:38:32]} 18. g4 {[%clk 0:31:44]}
c6 {[%clk 0:37:56]} 19. Ne2 {[%clk 0:29:18]} Bh6 {[%clk 0:37:46]} 20. c3 {[%clk
0:29:09]} b6 {[%clk 0:37:28]} 21. Nb3 {[%clk 0:29:28]} h3 {[%clk 0:29:42]} 22.
Kb2 {[%clk 0:29:45]} Bg5 {[%clk 0:29:13]} 23. Nbc1 {[%clk 0:28:26]} Be6 {[%clk
0:26:21]} 24. Rhg1 {[%clk 0:28:51]} Rh4 {[%clk 0:26:14]} 25. Rde1 {[%clk
0:26:37]} Ng8 {[%clk 0:22:06]} 26. Bf5 {[%clk 0:23:58]} Bxf5 {[%clk 0:22:30]} 27.
gxf5 {[%clk 0:24:24]} Nh6 {[%clk 0:22:46]} 28. Nd3 {[%clk 0:24:45]} Nxf5 {[%clk
0:22:58]} 29. Rg4 {[%clk 0:25:08]} Re8 {[%clk 0:22:11]} 30. Reg1 {[%clk 0:13:49]}
Re4 {[%clk 0:19:31]} 31. Kc2 {[%clk 0:12:31]} Kb7 {[%clk 0:18:28]} 32. Kd1 {[%clk
0:12:41]} Ne3+ {[%clk 0:14:12]} 33. fxe3 {[%clk 0:13:05]} Rxe3 {[%clk 0:14:41]}
34. Qxe3 {[%clk 0:06:40]} fxe3 {[%clk 0:14:53]} 35. Rxh4 {[%clk 0:07:06]} Bxh4
{[%clk 0:14:45]} 36. Rg7+ {[%clk 0:07:31]} Kc8 {[%clk 0:13:13]} 37. Rg8+ {[%clk
0:07:37]} Kd7 {[%clk 0:13:19]} 38. Nef4 {[%clk 0:07:45]} Bg5 {[%clk 0:13:26]} 39.
Rg7+ {[%clk 0:08:09]} Ke8 {[%clk 0:13:26]} 0-1

[Event "CECLUB Segunda División"]
[Site "Linares"]
[Date "2017.08.09"]
[Round "3"]
[White "Jimenez Mompo, Candido"]
[Black "Nieves Cabanes, Javier"]
[Result "0-1"]
[Board "4"]
[WhiteElo "1993"]
[WhiteCountry "ESP"]
[WhiteFideId "22250140"]
[WhiteEloChange "-5"]
[BlackElo "2203"]
[BlackCountry "ESP"]
[BlackFideId "22245707"]
[BlackEloChange "5"]

1. d4 {[%clk 1:30:57]} Nf6 {[%clk 1:30:36]} 2. c4 {[%clk 1:30:24]} c5 {[%clk
1:30:10]} 3. e3 {[%clk 1:29:26]} g6 {[%clk 1:28:53]} 4. Nf3 {[%clk 1:29:25]} Bg7
{[%clk 1:28:56]} 5. Nc3 {[%clk 1:27:50]} O-O {[%clk 1:28:34]} 6. Be2 {[%clk
1:26:58]} cxd4 {[%clk 1:25:23]} 7. Nxd4 {[%clk 1:22:19]} d5 {[%clk 1:15:53]} 8.
Nf3 {[%clk 1:05:42]} Qa5 {[%clk 1:12:08]} 9. O-O {[%clk 1:01:19]} dxc4 {[%clk
1:02:27]} 10. Bxc4 {[%clk 1:00:53]} Nc6 {[%clk 1:01:27]} 11. e4 {[%clk 0:46:33]}
Qb4 {[%clk 0:45:58]} 12. Qb3 {[%clk 0:37:17]} Qc5 {[%clk 0:38:08]} 13. Qb5 {[%clk
0:33:08]} Qxb5 {[%clk 0:37:15]} 14. Bxb5 {[%clk 0:33:32]} a6 {[%clk 0:37:05]} 15.
Bxc6 {[%clk 0:32:20]} bxc6 {[%clk 0:37:33]} 16. Be3 {[%clk 0:22:51]} Rb8 {[%clk
0:28:01]} 17. Rab1 {[%clk 0:16:11]} Nd7 {[%clk 0:27:49]} 18. Bd4 {[%clk 0:13:02]}
f6 {[%clk 0:19:54]} 19. Rfc1 {[%clk 0:12:06]} c5 {[%clk 0:17:03]} 20. Be3 {[%clk
0:12:29]} f5 {[%clk 0:17:25]} 21. exf5 {[%clk 0:11:18]} gxf5 {[%clk 0:17:53]} 22.
Na4 {[%clk 0:09:58]} f4 {[%clk 0:15:33]} 23. Bd2 {[%clk 0:05:31]} Rf5 {[%clk
0:14:40]} 24. b3 {[%clk 0:05:05]} Bb7 {[%clk 0:13:09]} 25. Ne1 {[%clk 0:03:24]}
Be4 {[%clk 0:09:27]} 26. Nc2 {[%clk 0:03:40]} c4 {[%clk 0:09:14]} 27. b4 {[%clk
0:02:58]} Rc8 {[%clk 0:05:19]} 28. Bc3 {[%clk 0:02:15]} Rg5 {[%clk 0:04:29]} 29.
g3 {[%clk 0:02:15]} Ne5 {[%clk 0:04:29]} 30. Bxe5 {[%clk 0:01:38]} Bxe5 {[%clk
0:04:40]} 31. Nc5 {[%clk 0:02:02]} Bf5 {[%clk 0:02:54]} 32. Nxa6 {[%clk 0:01:51]}
fxg3 {[%clk 0:03:17]} 33. fxg3 {[%clk 0:01:10]} Bf4 {[%clk 0:02:13]} 34. b5
{[%clk 0:01:01]} Bxc1 {[%clk 0:02:32]} 35. Rxc1 {[%clk 0:01:22]} Bxc2 {[%clk
0:02:56]} 36. Rxc2 {[%clk 0:01:43]} Rxb5 {[%clk 0:03:14]} 37. a3 {[%clk 0:01:33]}
Rb3 {[%clk 0:02:16]} 38. Nb4 {[%clk 0:01:37]} e6 {[%clk 0:01:57]} 39. Kf2 {[%clk
0:00:46]} Rxa3 {[%clk 0:01:47]} 40. Na2 {[%clk 0:01:06]} c3 {[%clk 0:01:10]} 41.
Ke3 {[%clk 0:01:02]} Rxa2 {[%clk 0:01:12]} 0-1

[Event "CECLUB Segunda División"]
[Site "Linares"]
[Date "2017.08.09"]
[Round "3"]
[White "Ladron De Guevara Pinto, Paolo"]
[Black "Ortiz Aviles, Javier"]
[Result "1/2-1/2"]
[Board "1"]
[WhiteTitle "FM"]
[WhiteElo "2414"]
[WhiteCountry "ESP"]
[WhiteFideId "2290847"]
[WhiteEloChange "-3"]
[BlackElo "2138"]
[BlackCountry "ESP"]
[BlackFideId "22202870"]
[BlackEloChange "7"]

1. e4 {[%clk 1:30:56]} c6 {[%clk 1:30:53]} 2. d4 {[%clk 1:29:53]} d5 {[%clk
1:30:57]} 3. e5 {[%clk 1:30:19]} Bf5 {[%clk 1:31:10]} 4. Nc3 {[%clk 1:30:38]} Qb6
{[%clk 1:23:22]} 5. g4 {[%clk 1:28:45]} Bd7 {[%clk 1:23:43]} 6. Na4 {[%clk
1:24:50]} Qa5+ {[%clk 1:21:40]} 7. c3 {[%clk 1:24:40]} e6 {[%clk 1:20:45]} 8. b4
{[%clk 1:20:50]} Qc7 {[%clk 1:14:25]} 9. Bd3 {[%clk 1:06:01]} a5 {[%clk 1:07:11]}
10. Bd2 {[%clk 1:02:27]} b6 {[%clk 0:45:24]} 11. bxa5 {[%clk 0:55:21]} Rxa5
{[%clk 0:41:51]} 12. c4 {[%clk 0:49:28]} b5 {[%clk 0:38:44]} 13. cxb5 {[%clk
0:49:23]} cxb5 {[%clk 0:37:34]} 14. Rc1 {[%clk 0:47:12]} Nc6 {[%clk 0:34:55]} 15.
Nc5 {[%clk 0:45:03]} b4 {[%clk 0:31:49]} 16. Nxd7 {[%clk 0:44:36]} Qxd7 {[%clk
0:30:58]} 17. Nf3 {[%clk 0:44:51]} h5 {[%clk 0:26:53]} 18. g5 {[%clk 0:44:40]} g6
{[%clk 0:26:14]} 19. O-O {[%clk 0:41:43]} Nge7 {[%clk 0:26:00]} 20. a4 {[%clk
0:41:53]} Bg7 {[%clk 0:24:47]} 21. Bb5 {[%clk 0:42:07]} O-O {[%clk 0:24:24]} 22.
Bxb4 {[%clk 0:41:16]} Rxb5 {[%clk 0:24:36]} 23. Bxe7 {[%clk 0:41:39]} Nxe7 {[%clk
0:24:55]} 24. axb5 {[%clk 0:42:04]} Qxb5 {[%clk 0:25:20]} 25. Rb1 {[%clk
0:40:33]} Qa6 {[%clk 0:24:16]} 26. Ra1 {[%clk 0:40:58]} Qc4 {[%clk 0:23:05]} 27.
Ra4 {[%clk 0:37:26]} Qc3 {[%clk 0:22:47]} 28. Kg2 {[%clk 0:35:40]} Nf5 {[%clk
0:22:49]} 29. Qc1 {[%clk 0:34:44]} Qd3 {[%clk 0:19:50]} 30. Qb1 {[%clk 0:32:09]}
Qe2 {[%clk 0:17:25]} 31. Ra3 {[%clk 0:29:51]} Rc8 {[%clk 0:12:24]} 32. Re1 {[%clk
0:29:35]} Qc4 {[%clk 0:11:34]} 33. Qd3 {[%clk 0:25:39]} Qb4 {[%clk 0:06:36]} 34.
Rb1 {[%clk 0:25:44]} Qe7 {[%clk 0:06:39]} 35. Rc3 {[%clk 0:25:19]} Ra8 {[%clk
0:04:42]} 36. Rcb3 {[%clk 0:20:57]} Bf8 {[%clk 0:04:41]} 37. Rb7 {[%clk 0:19:46]}
Qd8 {[%clk 0:04:41]} 38. R1b3 {[%clk 0:18:25]} Be7 {[%clk 0:03:09]} 39. Qb1
{[%clk 0:16:28]} Kg7 {[%clk 0:02:06]} 40. Rb8 {[%clk 0:15:52]} Rxb8 {[%clk
0:01:46]} 41. Rxb8 {[%clk 0:16:16]} Qa5 {[%clk 0:01:55]} 42. Qb5 {[%clk 0:15:48]}
Qa3 {[%clk 0:00:59]} 43. Qe8 {[%clk 0:16:14]} Bf8 {[%clk 0:01:21]} 44. Ra8 {[%clk
0:16:42]} Qb4 {[%clk 0:01:28]} 45. Qb8 {[%clk 0:17:10]} Qxb8 {[%clk 0:00:32]} 46.
Rxb8 {[%clk 0:17:37]} Be7 {[%clk 0:00:35]} 47. Kf1 {[%clk 0:17:51]} Ba3 {[%clk
0:00:45]} 48. Ke2 {[%clk 0:17:44]} Bf8 {[%clk 0:01:14]} 49. Kd3 {[%clk 0:17:49]}
Be7 {[%clk 0:01:07]} 50. Kc3 {[%clk 0:16:40]} Bf8 {[%clk 0:01:05]} 51. Nd2 {[%clk
0:15:49]} Nh4 {[%clk 0:00:47]} 52. Kd3 {[%clk 0:14:25]} Be7 {[%clk 0:00:37]} 53.
f4 {[%clk 0:05:02]} Ng2 {[%clk 0:00:42]} 54. Kc3 {[%clk 0:05:29]} Nxf4 {[%clk
0:00:58]} 55. h4 {[%clk 0:05:56]} Ng2 {[%clk 0:00:48]} 56. Nf3 {[%clk 0:06:23]}
Ne3 {[%clk 0:01:07]} 57. Re8 {[%clk 0:06:13]} Bf8 {[%clk 0:00:46]} 58. Kb3 {[%clk
0:06:38]} Nf5 {[%clk 0:00:50]} 59. Ka4 {[%clk 0:07:04]} Be7 {[%clk 0:01:08]} 60.
Ra8 {[%clk 0:07:30]} Bf8 {[%clk 0:01:22]} 61. Kb5 {[%clk 0:07:57]} Kg8 {[%clk
0:00:58]} 62. Kc6 {[%clk 0:08:18]} Kg7 {[%clk 0:01:19]} 63. Kd7 {[%clk 0:08:13]}
Kg8 {[%clk 0:01:40]} 64. Ra7 {[%clk 0:07:52]} Ng7 {[%clk 0:00:49]} 65. Ne1 {[%clk
0:05:57]} Nf5 {[%clk 0:00:59]} 66. Nf3 {[%clk 0:04:06]} Ng7 {[%clk 0:01:12]} 67.
Rb7 {[%clk 0:03:30]} Nf5 {[%clk 0:01:12]} 1/2-1/2

[Event "CECLUB Segunda División"]
[Site "Linares"]
[Date "2017.08.09"]
[Round "3"]
[White "Arboledas Fernandez, Antonio A."]
[Black "Naranjo Moreno, Antonio"]
[Result "1-0"]
[Board "2"]
[WhiteElo "2104"]
[WhiteCountry "ESP"]
[WhiteFideId "2290219"]
[WhiteEloChange "17"]
[BlackTitle "FM"]
[BlackElo "2379"]
[BlackCountry "ESP"]
[BlackFideId "2278626"]
[BlackEloChange "-17"]

1. d4 {[%clk 1:29:28]} Nf6 {[%clk 1:30:32]} 2. Nf3 {[%clk 1:27:25]} g6 {[%clk
1:30:23]} 3. g3 {[%clk 1:25:05]} Bg7 {[%clk 1:29:32]} 4. Bg2 {[%clk 1:24:00]} O-O
{[%clk 1:28:19]} 5. O-O {[%clk 1:23:18]} d6 {[%clk 1:28:09]} 6. b3 {[%clk
1:21:57]} c5 {[%clk 1:26:43]} 7. Bb2 {[%clk 1:21:52]} cxd4 {[%clk 1:26:27]} 8.
Nxd4 {[%clk 1:18:19]} d5 {[%clk 1:25:18]} 9. h3 {[%clk 1:13:04]} e5 {[%clk
1:18:00]} 10. Nf3 {[%clk 1:12:48]} e4 {[%clk 1:17:35]} 11. Nd4 {[%clk 1:12:06]}
Re8 {[%clk 1:14:37]} 12. e3 {[%clk 1:12:07]} Nbd7 {[%clk 1:12:24]} 13. Nd2 {[%clk
1:10:59]} Ne5 {[%clk 1:04:50]} 14. a4 {[%clk 1:10:09]} Bd7 {[%clk 0:57:23]} 15.
Qe2 {[%clk 1:08:23]} Rc8 {[%clk 0:53:06]} 16. Rfc1 {[%clk 1:06:55]} a6 {[%clk
0:51:10]} 17. Rab1 {[%clk 0:59:33]} h5 {[%clk 0:49:32]} 18. Rf1 {[%clk 0:57:03]}
h4 {[%clk 0:46:37]} 19. f4 {[%clk 0:46:35]} exf3 {[%clk 0:33:35]} 20. N4xf3
{[%clk 0:45:44]} Nxf3+ {[%clk 0:25:33]} 21. Qxf3 {[%clk 0:45:07]} Rxc2 {[%clk
0:24:25]} 22. Bxf6 {[%clk 0:41:06]} Qxf6 {[%clk 0:17:35]} 23. Qxd5 {[%clk
0:39:06]} Qe7 {[%clk 0:17:21]} 24. Be4 {[%clk 0:27:51]} Be6 {[%clk 0:16:21]} 25.
Qd3 {[%clk 0:26:34]} Rc3 {[%clk 0:16:09]} 26. Qe2 {[%clk 0:26:59]} Bxh3 {[%clk
0:14:53]} 27. Rf4 {[%clk 0:27:06]} g5 {[%clk 0:12:56]} 28. Rff1 {[%clk 0:25:42]}
Qe5 {[%clk 0:03:29]} 29. Qh5 {[%clk 0:23:06]} Qxg3+ {[%clk 0:01:40]} 30. Kh1
{[%clk 0:23:34]} Be6 {[%clk 0:01:45]} 31. Rf3 {[%clk 0:23:26]} Qe5 {[%clk
0:01:16]} 32. Rbf1 {[%clk 0:23:41]} Rc7 {[%clk 0:01:07]} 33. Bh7+ {[%clk
0:21:32]} Kf8 {[%clk 0:01:25]} 34. Bg6 {[%clk 0:21:24]} Ree7 {[%clk 0:01:18]} 35.
Nc4 {[%clk 0:18:28]} Qc5 {[%clk 0:01:12]} 36. Bf5 {[%clk 0:18:14]} Bxf5 {[%clk
0:00:55]} 37. Rxf5 {[%clk 0:18:41]} Qc6+ {[%clk 0:01:09]} 38. Kg1 {[%clk
0:19:05]} Qh6 {[%clk 0:01:06]} 39. Qg4 {[%clk 0:19:30]} b5 {[%clk 0:00:38]} 40.
axb5 {[%clk 0:19:51]} axb5 {[%clk 0:00:47]} 41. Rxb5 {[%clk 0:20:16]} Kg8 {[%clk
0:00:35]} 42. Rxg5 {[%clk 0:20:21]} Re4 {[%clk 0:00:52]} 43. Qg2 {[%clk 0:19:40]}
Rc6 {[%clk 0:00:47]} 44. Kh1 {[%clk 0:19:00]} Ree6 {[%clk 0:00:35]} 45. Qd5
{[%clk 0:16:56]} Rf6 {[%clk 0:00:41]} 46. Rd1 {[%clk 0:13:42]} Rce6 {[%clk
0:00:34]} 47. Rh5 {[%clk 0:11:34]} Qg6 {[%clk 0:01:00]} 48. Qd8+ {[%clk 0:11:42]}
Bf8 {[%clk 0:01:27]} 49. Rg1 {[%clk 0:11:53]} Rf1 {[%clk 0:01:56]} 50. Rg5 {[%clk
0:12:13]} 1-0

[Event "CECLUB Segunda División"]
[Site "Linares"]
[Date "2017.08.09"]
[Round "3"]
[White "Claros Egea, Christian"]
[Black "Rubio Tapia, Jose Juan"]
[Result "1-0"]
[Board "3"]
[WhiteElo "2227"]
[WhiteCountry "ESP"]
[WhiteFideId "2260468"]
[WhiteEloChange "6"]
[BlackElo "2074"]
[BlackCountry "ESP"]
[BlackFideId "2203367"]
[BlackEloChange "-6"]

1. e4 {[%clk 1:30:51]} e5 {[%clk 1:30:47]} 2. Nf3 {[%clk 1:31:15]} Nf6 {[%clk
1:30:53]} 3. Nxe5 {[%clk 1:27:29]} d6 {[%clk 1:31:08]} 4. Nf3 {[%clk 1:27:54]}
Nxe4 {[%clk 1:31:28]} 5. Nc3 {[%clk 1:28:18]} Nf6 {[%clk 1:30:34]} 6. d4 {[%clk
1:26:38]} Be7 {[%clk 1:30:35]} 7. Bd3 {[%clk 1:26:44]} O-O {[%clk 1:30:10]} 8. h3
{[%clk 1:27:09]} Nc6 {[%clk 1:27:37]} 9. a3 {[%clk 1:27:13]} Re8 {[%clk 1:24:30]}
10. O-O {[%clk 1:27:34]} Bd7 {[%clk 1:24:30]} 11. Ne2 {[%clk 1:18:10]} Qc8 {[%clk
1:08:13]} 12. Ng3 {[%clk 1:15:43]} h6 {[%clk 0:59:02]} 13. c4 {[%clk 1:14:30]} d5
{[%clk 0:54:11]} 14. c5 {[%clk 1:05:56]} a5 {[%clk 0:47:15]} 15. Be3 {[%clk
0:56:44]} b6 {[%clk 0:41:17]} 16. cxb6 {[%clk 0:52:19]} cxb6 {[%clk 0:41:00]} 17.
Ne5 {[%clk 0:50:25]} Bd6 {[%clk 0:33:04]} 18. f4 {[%clk 0:41:58]} Bxh3 {[%clk
0:16:38]} 19. gxh3 {[%clk 0:33:43]} Qxh3 {[%clk 0:16:48]} 20. Rf3 {[%clk
0:31:13]} Ng4 {[%clk 0:04:34]} 21. Nxg4 {[%clk 0:22:17]} Qxg4 {[%clk 0:04:25]}
22. Bf5 {[%clk 0:22:42]} Qh4 {[%clk 0:03:58]} 23. Kg2 {[%clk 0:19:14]} Rxe3
{[%clk 0:03:03]} 24. Rxe3 {[%clk 0:19:08]} Bxf4 {[%clk 0:03:03]} 25. Rf3 {[%clk
0:13:17]} Re8 {[%clk 0:01:46]} 26. Bd7 {[%clk 0:10:39]} Bxg3 {[%clk 0:01:29]} 27.
Rxg3 {[%clk 0:10:44]} Qe4+ {[%clk 0:01:03]} 28. Kh3 {[%clk 0:08:51]} Nxd4 {[%clk
0:00:45]} 29. Bxe8 {[%clk 0:07:26]} Ne2 {[%clk 0:00:33]} 30. Qf1 {[%clk 0:03:00]}
f5 {[%clk 0:00:37]} 31. Re1 {[%clk 0:02:09]} Nf4+ {[%clk 0:00:37]} 32. Kh2 {[%clk
0:02:29]} Qd4 {[%clk 0:00:50]} 33. Bg6 {[%clk 0:02:23]} Nxg6 {[%clk 0:01:11]} 34.
Rxg6 {[%clk 0:02:39]} Qh4+ {[%clk 0:01:26]} 35. Kg2 {[%clk 0:02:19]} f4 {[%clk
0:01:18]} 36. Qf2 {[%clk 0:01:41]} f3+ {[%clk 0:01:32]} 37. Kg1 {[%clk 0:01:54]}
Qh5 {[%clk 0:01:08]} 38. Qg3 {[%clk 0:01:26]} f2+ {[%clk 0:01:12]} 39. Kxf2
{[%clk 0:01:44]} Qf5+ {[%clk 0:01:31]} 40. Kg1 {[%clk 0:01:20]} 1-0